सार्थ पवन विजय (Record no. 439358)

MARC details
000 -LEADER
fixed length control field 00486nam a2200145Ia 4500
008 - FIXED-LENGTH DATA ELEMENTS--GENERAL INFORMATION
fixed length control field 100122s9999 xx 000 0 und d
082 ## - DEWEY DECIMAL CLASSIFICATION NUMBER
Item number 67062
Classification number 294.5
100 ## - MAIN ENTRY--PERSONAL NAME
Personal name बापट श्री ग
245 ## - TITLE STATEMENT
Title सार्थ पवन विजय
260 ## - PUBLICATION, DISTRIBUTION, ETC. (IMPRINT)
Name of publisher, distributor, etc एकनाथ संशोधन मंदिर प्रकाशन
Date of publication, distribution, etc 2004
300 ## - PHYSICAL DESCRIPTION
Extent 112
630 ## - SUBJECT ADDED ENTRY--UNIFORM TITLE
Uniform title सार्थ पवन विजय
730 ## - ADDED ENTRY--UNIFORM TITLE
Uniform title सार्थ पवन विजय
942 ## - ADDED ENTRY ELEMENTS (KOHA)
Koha item type Book
Holdings
Withdrawn status Lost status Damaged status Not for loan Home library Current library Date acquired Cost, normal purchase price Total Checkouts Full call number Barcode Date last seen Cost, replacement price Price effective from Koha item type Public note
        S.V. Pathak Library, Vile Parle S.V. Pathak Library, Vile Parle 05/14/2005 50.00   67062 SVPPARLE-67062 01/25/2010 50.00 01/25/2010 Book General NA